Superhero Shoes Quiz Stats

 Plays Quiz Updated Jul 29, 2017

Support Sporcle.
Go Orange.
Score 0/30 Timer 08:00
0 Plays Today
% Correct
Superman
99.9%
Spider-Man
98.8%
Wonder Woman
97.8%
Hulk
96.7%
Captain America
96.5%
The Flash
96.3%
Iron Man
95.4%
Robin
93.8%
Wolverine
93.4%
Batman
90.8%
The Joker
90.5%
Green Lantern
89.8%
Deadpool
88.9%
Catwoman
88.6%
Aquaman
88.1%
% Correct
Supergirl
88.1%
Rocket and Groot
86.9%
Harley Quinn
82.4%
Daredevil
79.9%
Two-Face
79.9%
Riddler
78.4%
Poison Ivy
77.3%
Thor and Loki
77.2%
Venom
74.4%
Punisher
70%
Cyclops
68.7%
Green Arrow
63.3%
Black Widow
54.7%
Rorschach and Doctor Manhattan
50.3%
Rogue
47.2%

You're not logged in!

Compare scores with friends on all Sporcle quizzes.
OR
Log In
Forgot?

From the Vault

Major Sports Winningest Coaches

by Hejman

These guys sure had a passion for yelling at sports officials.
Remove Ads.
Support Sporcle.
Get the best of Sporcle when you Go Orange. This ad-free experience offers more features, more stats, and more fun while also helping to support Sporcle. Thank you for becoming a member.

Show Comments

Extras

Top Quizzes Today


Score Distribution

Your Account Isn't Verified!

In order to create a playlist on Sporcle, you need to verify the email address you used during registration. Go to your Sporcle Settings to finish the process.

Report this User

Report this user for behavior that violates our Community Guidelines.

Details: